01067cam a2200289 a 4500001000200000003000900002005001700011007000200028008004000030010000600070020001800076040002200094082002800116111007600144245007400220260007100294300002400365490001400389500007100403500008600474586006700560650005300627650002500680650002900705650000600734700003700740 DO-SdBNP20220701094817.0 020930s2020 dr a 000 1 spa  a  a9789945503708 aBPMSUcspabBPMSU aRD861.5bP925c 20202222 aPremio Anual de Poesía Salomé Ureña d(2019 :cSanto Domingo )n 14aCartografía del desamparo :b (retratos) /cCésar Sánchez Beras aSanto Domingo :bMinisterio de Cultura ;bEditora Nacional c 2020 a128 p. ;c21 cm.b 0 aPoesía  aIncluye datos biográficos del autor en la solapa de la cubierta  aJurado : José Enrique del Monte, Sally Rodríguez y Ramón Peralta Dominguez  aPremio Anual de Poesía Salomé Ureña de Henríquez, 2019 4aCertámenes literarios zRepública Dominicana 4aPoesía dominicana  4aLiteratura dominicanav  4a 1 aSánchez Beras, César d1962-